MARC

LEADER 00000nam0a2200000 4500
001 253988
005 20231101232908.0
035 |a (RuTPU)RU\TPU\book\276409 
090 |a 253988 
100 |a 20140318d1962 km y0rusy50 ca 
101 0 |a rus 
102 |a RU 
105 |a af g 000zy 
200 1 |a Справочник работника механического цеха для рабочих, мастеров и технологов  |f М. Е. Каценеленбоген, Н. Я. Лебединский 
210 |a Москва  |c Оборонгиз  |d 1962 
215 |a 319 с.  |c ил. 
606 1 |a Металлообработка в целом  |2 stltpush  |3 (RuTPU)RU\TPU\subj\42494  |9 62160 
606 1 |a Машиностроение  |x Технология  |2 stltpush  |3 (RuTPU)RU\TPU\subj\41485  |9 61275 
610 1 |a терминология 
610 1 |a механические цеха 
610 1 |a технологические процессы 
610 1 |a детали 
610 1 |a заготовки 
610 1 |a обработка 
610 1 |a базы в машиностроении 
610 1 |a точность 
610 1 |a чистота 
610 1 |a металлообрабатывающие станки 
610 1 |a конусы 
610 1 |a резьба 
610 1 |a зубчатые передачи 
610 1 |a делительные головки 
610 1 |a инструменты 
610 1 |a металлы 
610 1 |a сплавы 
610 1 |a сварка 
610 1 |a пайка 
610 1 |a склеивание 
610 1 |a машиностроительные чертежи 
610 1 |a техническое нормирование 
610 1 |a справочники 
675 |a 621.7(035)  |v 3 
675 |a 621.002(035)  |v 3 
700 1 |a Каценеленбоген  |b М. Е.  |g Матвей Ефимович 
701 1 |a Лебединский  |b Н. Я.  |g Нестор Яковлевич 
801 1 |a RU  |b 63413507  |c 20140318 
801 2 |a RU  |b 63413507  |c 20190524  |g RCR 
942 |c BK